[Event "Le Touquet op 19th"]
[Site "Le Touquet"]
[Date "2004.10.25"]
[Round "1"]
[White "Durufle, Arnaud"]
[Black "Gervasio, Ricardo"]
[Result "0-1"]
[WhiteElo "2070"]
[BlackElo "2280"]
[PlyCount "78"]
[EventDate "2004.10.25"]
[EventType "swiss"]
[EventRounds "9"]
[EventCountry "FRA"]
[SourceTitle "EXT 2005"]
[Source "ChessBase"]
[SourceDate "2004.11.15"]
[SourceVersion "1"]
[SourceVersionDate "2004.11.15"]
[SourceQuality "1"]

1. d4 Nf6 2. c4 e6 3. Nc3 Bb4 4. e3 0-0 5. Nge2 d5 6. a3 Be7 7. cxd5 exd5 8. Nf4 Re8 9. Bd3 Bd6 10. 0-0 Bxf4 11. exf4 Nc6 12. Bc2 Ne7 13. h3 Bf5 14. Bb3 h5 15. Be3 Qd7 16. Kh2 c6 17. Ne2 h4 18. Nc1 Rad8 19. Nd3 Bxd3 20. Qxd3 Nf5 21. Bd1 g6 22. Bf3 Re7 23. Rad1 Rde8 24. Bc1 Qc7 25. Kg1 Ne4 26. b4 a6 27. a4 Nfd6 28. Qb3 b5 29. axb5 axb5 30. Rd3 Qb6 31. Bd1 Nf5 32. Be3 Ned6 33. Bg4 Nxe3 34. fxe3 f5 35. Be2 Nc4 36. Rf3 Ra7 37. Qd1 Nb2 38. Qe1 Nxd3 39. Bxd3 Qxd4 0-1

[Event "FRA-chT3 North 0304"]
[Site "France"]
[Date "2004.03.14"]
[Round "7.7"]
[White "Cartigny, Patrick"]
[Black "Durufle, Arnaud"]
[Result "1/2-1/2"]
[WhiteElo "1949"]
[BlackElo "2066"]
[PlyCount "63"]
[EventDate "2003.11.??"]
[EventType "team"]
[EventRounds "9"]
[EventCountry "FRA"]
[SourceTitle "EXT 2006"]
[Source "ChessBase"]
[SourceDate "2005.11.24"]
[SourceVersion "1"]
[SourceVersionDate "2005.11.24"]
[SourceQuality "1"]
[WhiteTeam "Cappelle la Grande"]
[BlackTeam "Le Touquet"]
[WhiteTeamCountry "FRA"]
[BlackTeamCountry "FRA"]

1. e4 d6 2. d4 Nf6 3. Nc3 g6 4. Be3 c6 5. f3 b5 6. Qd2 Nbd7 7. 0-0-0 b4 8. Nce2 a5 9. h4 Nb6 10. b3 Qc7 11. g4 Nfd7 12. h5 Rg8 13. hxg6 hxg6 14. Nf4 c5 15. Nd5 Nxd5 16. exd5 Ba6 17. Bxa6 Rxa6 18. dxc5 Nxc5 19. Ne2 Rb6 20. Kb1 a4 21. Nf4 Rb7 22. Bd4 Qa5 23. Nd3 Nxd3 24. Qxd3 Qxd5 25. Qa6 axb3 26. cxb3 Qxf3 27. Qa8+ Kd7 28. Rhe1 f5 29. Bb6 Kc6 30. Rc1+ Kxb6 31. Qd8+ Ka7 32. Qa5+ 1/2-1/2

[Event "FRA-chT3 North 0304"]
[Site "France"]
[Date "2003.11.15"]
[Round "2.4"]
[White "Dumortier, Thierry"]
[Black "Durufle, Arnaud"]
[Result "1/2-1/2"]
[WhiteElo "1970"]
[BlackElo "2066"]
[PlyCount "81"]
[EventDate "2003.11.??"]
[EventType "team"]
[EventRounds "9"]
[EventCountry "FRA"]
[SourceTitle "EXT 2006"]
[Source "ChessBase"]
[SourceDate "2005.11.24"]
[SourceVersion "1"]
[SourceVersionDate "2005.11.24"]
[SourceQuality "1"]
[WhiteTeam "Chauny St Quentin"]
[BlackTeam "Le Touquet"]
[WhiteTeamCountry "FRA"]
[BlackTeamCountry "FRA"]

1. e4 d6 2. d4 Nf6 3. Bd3 e5 4. d5 c6 5. c4 Na6 6. f3 Nc5 7. Bc2 a5 8. Be3 Nfd7 9. Ne2 Be7 10. 0-0 0-0 11. f4 exf4 12. Nxf4 Ne5 13. Bxc5 dxc5 14. Nd2 b5 15. dxc6 bxc4 16. Nd5 Bd6 17. Qe2 Ba6 18. Nc3 Qc8 19. Qh5 Qg4 20. Bd1 Qxh5 21. Bxh5 Nxc6 22. Rf2 g6 23. Be2 Be5 24. Nf3 Bg7 25. Rd1 Nd4 26. Bf1 Bh6 27. Nd5 Rad8 28. Rb1 Rxd5 29. exd5 Be3 30. Ne5 Rd8 31. Nxc4 Bxf2+ 32. Kxf2 Rxd5 33. Ne3 Rd6 34. Bxa6 Rxa6 35. Nc4 a4 36. Rc1 Re6 37. Ne3 Rc6 38. Rc4 Rb6 39. Nd1 Rf6+ 40. Ke3 Rf1 41. Nc3 1/2-1/2

[Event "FRA-chT2S 0203"]
[Site "France"]
[Date "2003.??.??"]
[Round "11.6"]
[White "Rakotonoely, Bruce"]
[Black "Durufle, Arnaud"]
[Result "1-0"]
[WhiteElo "1950"]
[BlackElo "2071"]
[PlyCount "29"]
[EventDate "2002.10.??"]
[EventType "team"]
[EventRounds "11"]
[EventCountry "FRA"]
[SourceTitle "EXT 2004"]
[Source "ChessBase"]
[SourceDate "2003.11.25"]
[SourceVersion "1"]
[SourceVersionDate "2003.11.25"]
[SourceQuality "1"]
[WhiteTeam "Cergy Pontoise"]
[BlackTeam "Le Touquet"]
[WhiteTeamCountry "FRA"]
[BlackTeamCountry "FRA"]

1. e4 e6 2. d4 d5 3. Nc3 dxe4 4. Nxe4 Nd7 5. Nf3 Ngf6 6. Nxf6+ Nxf6 7. Bb5+ c6 8. Ba4 b5 9. Bb3 c5 10. c3 Bb7 11. Qe2 c4 12. Bc2 Nd5 13. 0-0 Be7 14. Ne5 f6 15. Qh5+ 1-0

[Event "Bethune-B"]
[Site "Bethune"]
[Date "2002.07.12"]
[Round "8.8"]
[White "Durufle, Arnaud"]
[Black "Depoorter, Enguerran"]
[Result "1/2-1/2"]
[WhiteElo "2071"]
[BlackElo "2052"]
[PlyCount "32"]
[EventDate "2002.07.06"]
[EventType "tourn"]
[EventRounds "9"]
[EventCountry "FRA"]
[SourceTitle "EXT 2005"]
[Source "ChessBase"]
[SourceDate "2004.11.15"]
[SourceVersion "1"]
[SourceVersionDate "2004.11.15"]
[SourceQuality "1"]

1. d4 Nf6 2. c4 d6 3. Nc3 Nbd7 4. e4 e5 5. Nf3 Be7 6. Be2 0-0 7. 0-0 c6 8. h3 Re8 9. d5 cxd5 10. cxd5 Nc5 11. Nd2 a5 12. Rb1 Bd7 13. a4 Rc8 14. Re1 g6 15. Bb5 Rf8 16. Nb3 Bxb5 1/2-1/2

[Event "Bethune-B"]
[Site "Bethune"]
[Date "2002.07.08"]
[Round "4.10"]
[White "Durufle, Arnaud"]
[Black "Swiercz, Kevin"]
[Result "1-0"]
[WhiteElo "2071"]
[BlackElo "2017"]
[PlyCount "67"]
[EventDate "2002.07.06"]
[EventType "tourn"]
[EventRounds "9"]
[EventCountry "FRA"]
[SourceTitle "EXT 2005"]
[Source "ChessBase"]
[SourceDate "2004.11.15"]
[SourceVersion "1"]
[SourceVersionDate "2004.11.15"]
[SourceQuality "1"]

1. d4 d5 2. c4 c6 3. Nc3 e5 4. dxe5 d4 5. Ne4 Qa5+ 6. Bd2 Qxe5 7. Ng3 c5 8. Nf3 Qc7 9. e3 Nc6 10. exd4 cxd4 11. Bd3 Bd6 12. Qe2+ Nge7 13. Ng5 g6 14. N5e4 Be5 15. 0-0 f5 16. Ng5 Bd7 17. b4 h6 18. Nf3 Bg7 19. Rfe1 Qd6 20. c5 Qf6 21. b5 Nd8 22. Nxd4 0-0 23. Qxe7 Qxe7 24. Rxe7 Bxd4 25. Bc4+ Be6 26. Rxe6 Nxe6 27. Bxe6+ Kg7 28. Rd1 Rfe8 29. Bd7 Red8 30. c6 bxc6 31. bxc6 Bb6 32. Bf4 a5 33. Rb1 Ra6 34. Nf1 1-0

[Event "FRA-chT3 Gr8 0102"]
[Site "France"]
[Date "2001.12.09"]
[Round "4"]
[White "Marquet, Mathieu"]
[Black "Durufle, Arnaud"]
[Result "0-1"]
[WhiteElo "1960"]
[BlackElo "2029"]
[PlyCount "128"]
[EventDate "2001.10.??"]
[EventType "team"]
[EventRounds "9"]
[EventCountry "FRA"]
[SourceTitle "EXT 2005"]
[Source "ChessBase"]
[SourceDate "2004.11.15"]
[SourceVersion "1"]
[SourceVersionDate "2004.11.15"]
[SourceQuality "1"]

1. e4 d6 2. d4 Nf6 3. Bd3 e5 4. Nf3 Bg4 5. d5 c6 6. c4 Na6 7. dxc6 bxc6 8. Qa4 Nc5 9. Qc2 Bxf3 10. gxf3 Nxd3+ 11. Qxd3 Nh5 12. Nc3 Rb8 13. b3 Be7 14. Be3 Nf4 15. Bxf4 exf4 16. Ne2 Qa5+ 17. Qd2 Qe5 18. Rd1 d5 19. Qxf4 Qxf4 20. Nxf4 dxc4 21. bxc4 Rb2 22. 0-0 Rxa2 23. Ra1 Rc2 24. Rxa7 Bd8 25. Rb1 0-0 26. Rbb7 Bf6 27. Rd7 Rxc4 28. Nd3 Bd4 29. Rab7 c5 30. e5 Rc3 31. e6 fxe6 32. Nxc5 Rxc5 33. Rxd4 Rcf5 34. Re4 Rxf3 35. Rxe6 Rxf2 36. Re3 R2f7 37. Rbb3 g6 38. Rec3 Rf2 39. Rb7 R8f7 40. Rxf7 Rxf7 41. Kg2 Kg7 42. Rc2 Kf6 43. Rf2+ Kg7 44. Rc2 Rf4 45. Kg3 g5 46. Rc5 Kg6 47. Rc7 Ra4 48. Rb7 h6 49. Rb6+ Kh5 50. Rb3 Rg4+ 51. Kf2 Kh4 52. Rb6 h5 53. Rb3 Ra4 54. Rb2 Kh3 55. Kf3 Rg4 56. Ra2 Rg1 57. Rb2 Rf1+ 58. Ke4 g4 59. Rb5 h4 60. Rb2 Rh1 61. Kf4 Rxh2 62. Rxh2+ Kxh2 63. Kxg4 h3 64. Kf3 Kg1 0-1

[Event "Le Touquet op 16th"]
[Site "Le Touquet"]
[Date "2001.10.29"]
[Round "4"]
[White "Giffard, Nicolas"]
[Black "Durufle, Arnaud"]
[Result "1-0"]
[WhiteElo "2334"]
[BlackElo "2029"]
[PlyCount "31"]
[EventDate "2001.10.27"]
[EventType "swiss"]
[EventRounds "9"]
[EventCountry "FRA"]
[SourceTitle "EXT 2002"]
[Source "ChessBase"]
[SourceDate "2001.11.25"]
[SourceVersion "1"]
[SourceVersionDate "2001.11.25"]
[SourceQuality "1"]

1. Nf3 Nf6 2. g3 c5 3. Bg2 Nc6 4. 0-0 g6 5. d4 cxd4 6. Nxd4 Bg7 7. c4 0-0 8. Nc2 d6 9. Nc3 a6 10. Ne3 Bd7 11. Bd2 Rb8 12. a4 Nb4 13. Qb3 Qb6 14. Rfd1 Bc6 15. a5 Qc5 16. Nb1 1-0